00720nam a2200169 a 450000100100000000500170001000800410002704000250006808200240009310000420011724500680015926000340022730000220026195201220028395201280040599900170053300004556020201002052321.0150415s1989 dr 000 0 spa d aDO-SdBNPbspacBNPHU axxxxxxxxxbxxxxxxxx1 aMarcano F., Eugenio de Jesús93124710aIsotipos en el herbario U.S.D. /cEugenio de Jesús Marcano F. aSanto Domingo :bUASD,c1989. a20 p. : ;c21 cm. 0010718PDaPDbPDcHDd2015-04-15iLF1l0oxxxxxxxxx xxxxxxxxp45560-10r2020-06-25w2020-06-25yLFPDZNo se presta 0010718PDaPDbPDcHDd2015-06-17iLF1l0oxxxxxxxxx xxxxxxxxp45560-20r2020-06-25te. 2w2020-06-25yLFPDZNo se presta c45049d45049